000 00935cam a2200241 4500
008 041109s1998 mx grb 000 0 spa u
020 _a9682321387
035 _aa441293
245 0 0 _aEducación, democracia y desarrollo en el fin de siglo /
_cpor Carlos A. Torres... [et al.] ; coordinado por, Armando Alcántara Santuario, Ricardo Pozas Horcasitas, Carlos Alberto Torres.
250 _a1a. ed.
260 _aMéxico :
_bSiglo Veintiuno,
_c1998.
300 _a288 p. ;
_c23 cm.
440 0 _aEducación
504 _aIncluye bibliografías
506 _aRec. prop. esc.
650 4 _aEducación
_xAspectos sociales
_zMéxico
_vCongresos
650 4 _aEducación
_xAspectos Económicos
_zMéxico
_vCongresos
650 4 _aPolítica y educación
_zMéxico
_vCongresos
700 1 _aTorres, Carlos A., coaut.
700 1 _aAlcántara Santuario, Armando, coord.
942 _2lcc
_cLIB
999 _c125890
_d125890